000 01265cam a22002054a 4500
005 20250605164052.0
008 250528s ||||||||||||||||||||||||d
035 _a17311
020 _a582290422
040 _aGR-AtMCL
_bgre
_dGR-AtMCL
_eAACR2
245 1 _aThe Business of Tourism / Fourth Edition
250 _a4th
260 _bLongman,
_c1994
300 _a282
520 _aA basic understanding of the nature, structure and organization of the tourist industry. Preface, An Introduction to Tourism, The History of Tourism: From Its Origins to the Age of Steam, Tourism in the Twentieth Century, The Economics of Tourism, Tourist Motivation and Behavior, The Structure and Organization of the Travel and Tourism Industry, Passenger Transport: The Aviation Business, Water-Borne Passenger Transport, Rail and Road Passenger Transport, The Hospitality Sector: Accommodation and Catering Services, Visitor Attractions and Visitor Management, Tour Operating, Travel Retailing, Ancillary Tourism Services, The Structure and Role of Public Sector Tourism, Tourism Design and Management, The Social and Environmental Impact of Tourism, Bibliography, Index.
700 1 _aHolloway Christopher J
_93471
942 _cBK
999 _c2739
_d2739